| 000 | 00000nam 2200000zi 4500 |
| 001 | 9.931083 |
| 003 | CaOODSP |
| 005 | 20240913093145 |
| 006 | m o d f |
| 007 | cr mn||||||||| |
| 008 | 231201e202312 onc ob f000 0 eng d |
| 020 | |a9780660691503 |
| 040 | |aCaOODSP|beng|erda|cCaOODSP |
| 043 | |an-cn--- |
| 086 | 1 |aJ4-151/2023E-PDF |
| 100 | 1 |aMorales, Sarah, |eauthor. |
| 245 | 10|aDeveloping an Indigenous justice strategy : |ba compilation of thought papers by Indigenous legal experts / |cwith papers by Sarah Morales, Elizabeth Zarpa and Sarah Arngna'naaq, Kerry Sloan, Aaron Mills. |
| 264 | 1|a[Ottawa] : |bDepartment of Justice Canada = Ministère de la justice Canada, |cDecember 2023. |
| 264 | 4|c©2023 |
| 300 | |a1 online resource (55 pages) |
| 336 | |atext|btxt|2rdacontent |
| 337 | |acomputer|bc|2rdamedia |
| 338 | |aonline resource|bcr|2rdacarrier |
| 500 | |aIssued also in French under title: Élaboration d'une stratégie en matière de justice autochtone : compilation de documents de réflexion par des experts en droit autochtone. |
| 504 | |aIncludes bibliographical references. |
| 505 | 0 |aIntroduction / by Jane Evans -- "Blanketing": justice for First Nations people in Canada / by Su-taxwiye, Sarah Morales -- Creating an Indigenous justice strategy, an aspirational paper from Inuit perspectives / by Elizabeth Zarpa and Sarah Arngna'naaq -- Metis perspectives on justice: reweaving kinship and recognizing non-duality / by Kerry Sloan -- Towards justice for urban Indigenous communities in Canada / by Aaron Mills. |
| 650 | 0|aIndigenous peoples|xLegal status, laws, etc.|zCanada. |
| 650 | 0|aCriminal justice, Administration of|zCanada. |
| 710 | 1 |aCanada. |bDepartment of Justice, |eissuing body. |
| 775 | 08|tÉlaboration d'une stratégie en matière de justice autochtone : |w(CaOODSP)9.931084 |
| 856 | 40|qPDF|s499 KB|uhttps://publications.gc.ca/collections/collection_2024/jus/J4-151-2023-eng.pdf |
| 856 | 4 |qHTML|sN/A|uhttps://www.justice.gc.ca/eng/rp-pr/jr/dijs-esmja/index.html |